Citomegalovirus : diario d'ospedale /

Shranjeno v:
Bibliografske podrobnosti
Glavni avtor: Guibert, Hervé (Author)
Drugi avtorji: Salsano, Alfredo (Translator)
Format: Knjiga
Jezik:italijanščina
Izdano: Torino : Bollati Boringhieri, 1992
Serija:Varianti
Teme:
Oznake: Označite
Brez oznak, prvi označite!

MARC

LEADER 00000nam a22000007i 4500
001 IT\ICCU\LO1\0248973
003 ItRI
005 20260115231906.0
008 930528s1992 it |||||| ||||| |||||c
015 |2 IT  |a 92-5493 
020 |a 8833906892 
040 |b ita  |c importazione bologna sebina 
041 7 |a ita  |2 ISO-639-2 
082 |a 362.1  |9 PROBLEMI E SERVIZI SOCIALI. MALATTIE FISICHE  |2 11 
100 1 |a Guibert, Hervé  |0 IT\ICCU\RAVV\055556  |4 aut 
240 1 0 |a Cytomégalovirus. -  |3 IT\ICCU\LO1\0306179  |9 Guibert, Hervé 
245 1 0 |a Citomegalovirus :  |b diario d'ospedale /  |c Hervé Guibert. 
260 |a Torino :  |b Bollati Boringhieri,  |c 1992 
300 |a 70 p. ;  |c 18 cm. 
650 7 |a Malati  |x Diari e memorie 
700 1 |a Salsano, Alfredo  |0 IT\ICCU\CFIV\053763  |4 trl 
830 0 |a Varianti  |0 IT\ICCU\CFI\0073696 
942 |2 ddc  |c BK  |n 0 
952 |0 0  |1 0  |4 0  |6 A_362_196000000000000_GUI  |7 0  |9 15555  |a BO  |b BO  |d 2026-01-15  |i 2899  |l 0  |o A 362.196 GUI  |p BO2899  |r 2026-01-15 23:19:06  |w 2026-01-15  |x [Sebina 5] [1 v.]  |y BK  |z 1 v. 
952 |0 0  |1 0  |4 0  |6 A_362_196000000000000_GUI  |7 0  |9 15556  |a BO  |b BO  |d 2026-01-15  |i 6818  |l 0  |o A 362.196 GUI  |p BO6818  |r 2026-01-15 23:19:06  |w 2026-01-15  |x [Sebina 5] [1 v.]  |y BK  |z 1 v. 
952 |0 0  |1 0  |4 0  |6 A_362_196000000000000_GUI  |7 0  |9 15557  |a BO  |b BO  |d 2026-01-15  |i 3497  |l 0  |o A 362.196 GUI  |p BO3497  |r 2026-01-15 23:19:06  |w 2026-01-15  |x [Sebina 5] [1 v.]  |y BK  |z 1 v. 
999 |c 13386  |d 13386